| 000 | 00440nam a22001697a 4500 | ||
|---|---|---|---|
| 003 | NUST - PNEC | ||
| 005 | 20170116180839.0 | ||
| 008 | 150818b xxu||||| |||| 00| 0 eng d | ||
| 020 | _a- | ||
| 040 | _cLIBRARY | ||
| 082 | _a620.0044 FRI | ||
| 100 |
_95242 _aFribance, Austin E |
||
| 245 |
_aIndustrial instrumentation fundamentals. _cAustin E,Fribance |
||
| 260 | _cc 1962 | ||
| 650 |
_95243 _aPhysical instruments _x- |
||
| 942 |
_2ddc _cBK |
||
| 999 |
_c64343 _d64343 |
||